Statistics for Los Angeles Clippers 2017-18 Roster

Click here to take the quiz!

General Stats

  • This quiz has been taken 95 times
  • The average score is 11 of 17

Answer Stats

NbrPostPlayer% Correct
32ForwardBlake Griffin
97%
6CenterDeAndre Jordan
96%
23GuardLou Williams
90%
21GuardPatrick Beverley
90%
-Head CoachDoc Rivers
90%
25GuardAustin Rivers
86%
9GuardC.J. Williams
84%
33ForwardWesley Johnson
71%
8ForwardDanilo Gallinari
68%
11ForwardBrice Johnson
68%
5Forward-CenterMontrezl Harrell
66%
4GuardMilos Teodosic
49%
0GuardSindarius Thornwell
44%
7ForwardSam Dekker
41%
35CenterWillie Reed
32%
1GuardJawun Evans
27%
13ForwardJamil Wilson
4%

Score Distribution

Percentile by Number Answered

Percent of People with Each Score

Your Score History

You have not taken this quiz